000 00464nam a2200181Ia 4500
008 230524s9999 xx 000 0 und d
020 _a9788131502334
082 _a542.1
_bASK
100 _aDonald R. Askeland
245 0 _aEssentials of Materials Science and Engineering
250 _aIST
260 _aNEW DELHI
_bCengage
_c2008
300 _aXIII;572
500 _aQuantity Number: 5
650 _aChemistry
700 _a Pradeep P.Phule
942 _cBK
999 _c43784
_d43784